000
00296nam a2200145Ia 4500
100
_a
Stizaker/ David
942
_c
BK
654
_a
mathematics
245
_a
Elementary Probability
260
_b
Cambridge
_c
1994
082
_a
519.2
_b
STI
300
_a
373
546
_a
ENGLISH
999
_c
27862
_d
27862